LEADER 01044nam a2200277 i 4500 001 000000227142 003 CaOOAMICUS 005 20181018161505.0 008 140214s2013 it u000 u ita u 013 $a206044 020 $a978-88-10-22171-6 040 $aSeMil$bita 245 10$aAspetti letterari e teologici. 260 $aBologna :$bEDB,$c2013. 300 $a178 p. ;$c21 cm. 490 0 $aBiblica [EDB] 650 4$aDio - Meditazioni.$0(OLS)http://semarc/subject/8437 773 0 $aSka, Jean Louis $tCantiere del Pentateuco.$dBologna : EDB, 2013.$kBiblica$g2$w()29455 830 0$aBiblica.$0(OLS)http://semarc/title/6074 850 $aSeMil 852 $aSeMil$W1$xVenegono$y1$m2Z II 247$j177488$B177488$CSeMilBibl$Z2$F188380 $81 961 $aAcquisto: EDB 996 $6020$a978-88-10-22171-6$9(OLS)http://semarc/number/228641 996 $6245$aAspetti letterari e teologici$9(OLS)http://semarc/title/325153 996 $6260$aBologna :$bEDB$9(OLS)http://semarc/publisher/29669 LEADER 00833nam a2200205 i 4500 001 000000000847 003 CaOOAMICUS 005 20180830125434.0 008 180830s1984 xx u000 u und u 040 $aSeMil$bita 100 1 $aD'Angelo, Emilio.$0(OLS)http://semarc/name/717 245 10$aGuida alla celebrazione eucaristica :$bsuggerimenti per l'animazione della Messa domenicale /$cEmilio D'Angelo. 260 $aCinisello Balsamo (MI) :$bPaoline,$c1984-1986. 300 $a3 v. ;$c21 cm. 500 $aFondo Conti. 774 0 $tAnno A.$w()47622 774 0 $tAnno B.$w()195897 774 0 $tAnno C.$w()195898 996 $6245$aGuida alla celebrazione eucaristica :$bsuggerimenti per l'animazione della Messa domenicale$9(OLS)http://semarc/title/1303 996 $6260$aCinisello Balsamo (MI) :$bPaoline$9(OLS)http://semarc/publisher/29714